[Event "ACL-A009"]
[Site "www.playchess.de"]
[Date "2001.03.02"]
[Round "9"]
[White "mhansen"]
[Black "Gearloose"]
[WhiteElo "2000"]
[BlackElo "1500"]
[PlyCount "59"]
[Result "1/2-1/2"]

1.e4 e6 2.d4 d5 3.e5 c5 4.Nf3 Nc6 5.c3 Qb6 6.a3 c4 
7.Be2 Na5 8.Nbd2 Bd7 9.Qc2 Ne7 10.O-O Qc6 11.Rb1 
Nc8 12.Ng5 h6 13.Nh3 Qc7 14.Qd1 Nb6 15.Bg4 O-O-O 
16.Qf3 Ba4 17.Nf4 Qe7 18.Bxe6+ fxe6 19.Ng6 Qe8 
20.Nxh8 Bc2 21.Ra1 Rd7 22.Ra2 g5 23.b4 cxb3 24.e.p 
Rxc2 25.bxc2 Ng6 26.Bxa3 Bxa3 27.Qxg6 Qf8+ 28.Rd8 
Qc5+ 29.Nc6 Qb5 30.h5 1/2-1/2

[Event "HCL-A030"]
[Site "www.playchess.de"]
[Date "2001.03.03"]
[Round "2"]
[White "Nils"]
[Black "CapnQuahog"]
[WhiteElo "2033"]
[BlackElo "1787"]
[PlyCount "61"]
[Result "1-0"]

1.Nf3 f5 2.g3 Nf6 3.Bg2 d6 4.d4 g6 5.O-O Bg7 6.c4 
O-O 7.Nc3 Qe8 8.Bf4 h6 9.Qd3 Na6 10.a3 c5 11.d5 g5 
12.Bc1 Nd7 13.b3 Ne5 14.Nxe5 dxe5 15.Bb2 Rb8 16.e4 
f4 17.Nb5 Ra8 18.gxf4 Rxf4 19.Qg3 Bd7 20.Nc3 Rg4 
21.Qe3 Qh5 22.Ne2 Rh4 23.Ng3 Qg6 24.Rad1 Qd6 
25.Ne2 g4 26.Qg3 Rh5 27.Bc1 Bf6 28.f4 exf4 29.Bxf4 
Be5 30.Bxe5 Rxe5 31.Nf4 {Happy new year!} 
 1-0

[Event "HCL-B108"]
[Site "www.playchess.de"]
[Date "2001.03.03"]
[Round "2"]
[White "Gliskardi"]
[Black "linearmarlin"]
[WhiteElo "1500"]
[BlackElo "1400"]
[PlyCount "29"]
[Result "1-0"]

1.e4 c5 2.Nf3 e6 3.d4 cxd4 4.Nxd4 a6 5.Bd3 Nf6 
6.Bg5 Be7 7.O-O d6 8.Nc3 Qb6 9.a3 Qxb2 10.Na4 Qxd4 
11.Bb5+ axb5 12.Qxd4 Rxa4 13.Qb6 Nbd7 14.Qxb5 Rxe4 
15.f3 1-0

[Event "HCL-B109"]
[Site "www.playchess.de"]
[Date "2001.03.03"]
[Round "3"]
[White "Nulnulnix"]
[Black "PieceSeeker"]
[WhiteElo "820"]
[BlackElo "1277"]
[PlyCount "72"]
[Result "0-1"]

1.f4 Nf6 2.Nf3 d5 3.d4 e6 4.g3 c5 5.dxc5 Bxc5 6.e3 
Nc6 7.c3 Ng4 8.Qe2 Qb6 9.Nd4 Nf6 10.b4 Be7 11.Bg2 
Nxd4 12.exd4 O-O 13.a4 Bd7 14.f5 Rac8 15.O-O Bd6 
16.a5 Qb5 17.Qxb5 Bxb5 18.fxe6 Bxf1 19.exf7+ Rxf7 
20.Bxf1 Bxb4 21.Bh3 Bxc3 22.Bxc8 Bxd4+ 23.Be3 
Bxe3+ 24.Kg2 Rc7 25.Be6+ Kf8 26.Ra2 g6 27.Re2 d4 
28.Na3 Ke7 29.Nc4 Rc6 30.Nxe3 Rxe6 31.Kf3 Rxe3+ 
32.Rxe3+ dxe3 33.Kxe3 Kd6 34.Kf4 b5 35.axb6 axb6 
36.Kg5 Ng8 0-1

[Event "HCL-C118"]
[Site "www.playchess.de"]
[Date "2001.03.03"]
[Round "2"]
[White "dcscott"]
[Black "JensAnd"]
[WhiteElo "1000"]
[BlackElo "1317"]
[PlyCount "64"]
[Result "0-1"]

1.Nf3 Nf6 2.g3 g6 3.Bg2 Bg7 4.O-O O-O 5.d3 d6 6.c4 
Nc6 7.Nc3 e5 8.Rb1 a5 9.a3 Qd7 10.b4 axb4 11.axb4 
Ne7 12.b5 h6 13.e4 b6 14.Qe1 Bb7 15.Be3 Ra7 16.h4 
Ng4 17.Nd1 Nxe3 18.Nxe3 f5 19.Qb4 fxe4 {Hello 
again!}  20.dxe4 Bxe4 21.Rfd1 Bxb1 22.Qxb1 Nf5 
23.Nd5 Nd4 24.Nxd4 exd4 25.f4 Qg4 26.Kf2 Ra2+ 
27.Qxa2 Qxd1 28.Ne7+ Kf7 29.c5+ Kxe7 30.Qa7 {I 
hate it when work and family obligations get in 
the way of chess.}  Qc2+ {I agree! Nothing should 
interfere with chess!}  31.Kf3 Qxc5 32.Qa6 
Qc3+ 0-1

[Event "HCL-C148"]
[Site "www.playchess.de"]
[Date "2001.03.03"]
[Round "8"]
[White "surak"]
[Black "RED_CHICKEN"]
[WhiteElo "1235"]
[BlackElo "800"]
[PlyCount "21"]
[Result "1-0"]

1.e4 c5 2.c3 Nc6 3.d4 e5 4.Nf3 exd4 5.cxd4 cxd4 
6.Nxd4 Nxd4 7.Qxd4 Qf6 8.Be3 Qxd4 9.Bxd4 Nf6 
10.Bxf6 gxf6 11.Bd3 1-0

[Event "HCL-C148"]
[Site "www.playchess.de"]
[Date "2001.03.03"]
[Round "30"]
[White "surak"]
[Black "Nunogomez"]
[WhiteElo "1235"]
[BlackElo "849"]
[PlyCount "21"]
[Result "1-0"]

1.e4 c5 2.c3 d5 3.exd5 Qxd5 4.d4 Nc6 5.Nf3 Bg4 
6.c4 Qe4+ 7.Be2 Rd8 8.d5 Ne5 9.Nxe5 Qxg2 10.Rf1 
Bh3 11.Qa4+ 1-0

[Event "HCL-C149"]
[Site "www.playchess.de"]
[Date "2001.03.03"]
[Round "1"]
[White "dg"]
[Black "arsenic"]
[WhiteElo "1223"]
[BlackElo "1257"]
[PlyCount "68"]
[Result "0-1"]

1.e4 e6 2.d4 d5 3.e5 c5 4.g3 cxd4 5.Qxd4 Nc6 6.Bb5 
Bd7 7.Bxc6 Bxc6 8.Nc3 Ne7 9.Bg5 h6 10.Bf4 Nf5 
11.Qd2 d4 12.Nce2 Bxh1 13.f3 a5 14.O-O-O Bc5 
15.Qd3 Ne3 16.Bxe3 dxe3 17.Nf4 Qxd3 18.Rxd3 Rd8 
19.Rc3 b6 20.Nd3 Bd4 21.Rc7 O-O 22.c3 Bc5 23.Nxc5 
bxc5 24.Rxc5 Rd5 25.Rxd5 exd5 26.Kd1 Rb8 27.b3 Rc8 
28.Kc2 d4 29.c4 a4 30.Kd3 Rd8 31.bxa4 Kf8 32.a5 
Ke7 33.a6 Ke6 34.Ke4 d3 {The pawn is unstoppable.} 
 0-1

[Event "HCL-E018"]
[Site "www.playchess.de"]
[Date "2001.03.03"]
[Round "1"]
[White "Brrrr"]
[Black "lubos"]
[WhiteElo "1806"]
[BlackElo "1920"]
[PlyCount "76"]
[Result "0-1"]

1.d4 d5 2.c4 dxc4 3.Nf3 Bg4 4.e3 c6 5.Bxc4 e6 
6.O-O Nf6 7.Qb3 Qb6 8.Qxb6 axb6 9.Ne5 Bh5 10.Nc3 
Bd6 11.e4 b5 12.Bd3 Bxe5 13.dxe5 Nfd7 14.f4 Nc5 
15.Bc2 b4 16.Be3 Nbd7 17.Nd1 b3 18.Bb1 bxa2 19.Bc2 
Be2 20.Rf2 Bc4 21.Bxc5 Nxc5 22.b4 Nb3 23.Bxb3 Bxb3 
24.Nc3 Ke7 25.Rb2 Ra3 26.Kf2 Rd8 27.g4 Bc4 28.Rc2 
Rd3 29.Nxa2 Rdf3+ 30.Kg1 Bb3 31.Rf2 Rxf2 32.Kxf2 
Rxa2+ 33.Rxa2 Bxa2 34.Ke3 b6 35.Kd4 Kd7 36.h3 Kc7 
37.f5 Kb7 38.g5 g6 0-1

[Event "HCL-E019"]
[Site "www.playchess.de"]
[Date "2001.03.03"]
[Round "12"]
[White "Ostap_Bender"]
[Black "Tartan-Terror"]
[WhiteElo "2000"]
[BlackElo "2158"]
[PlyCount "21"]
[Result "1-0"]

1.e4 Nf6 2.e5 Nd5 3.d4 d6 4.c4 Nb6 5.exd6 cxd6 
6.Nf3 g6 7.Be2 Bg7 8.O-O O-O 9.Be3 Nc6 10.Nbd2 d5 
11.Rc1 1-0

[Event "ACL-A070"]
[Site "www.playchess.de"]
[Date "2001.03.03"]
[Round "27"]
[White "peze2"]
[Black "cabe"]
[WhiteElo "1986"]
[BlackElo "1500"]
[PlyCount "60"]
[Result "1-0"]

1.e4 e5 2.f4 exf4 3.Nf3 d6 4.d4 Nf6 5.Nc3 Nh5 
6.Be2 g6 7.O-O Bg7 8.Ne1 O-O 9.Bxh5 gxh5 10.Bxf4 
Nc6 11.d5 Bg4 12.Qc1 Nd4 13.Bh6 Ne2+ 14.Nxe2 Bxe2 
15.Bxg7 Kxg7 16.Rf2 Bg4 17.Qe3 Kh8 18.Nd3 Qe7 
19.e5 Bd7 20.Re1 Bb5 21.c4 Ba6 22.Qd4 Kg8 23.Rf3 
h4 24.Rf4 h5 25.Rf5 c5 26.dxc6 e.p 27.dxe5 Rexe5 
28.Rfd8 Qe4 29.Qd6 {Mate in a few moves!}  Rfg5+ 
30.Qg6 Rxg6+ 1-0

[Event "ACL-A070"]
[Site "www.playchess.de"]
[Date "2001.03.03"]
[Round "33"]
[White "Alcoholic"]
[Black "Habi"]
[WhiteElo "1517"]
[BlackElo "1500"]
[PlyCount "30"]
[Result "0-1"]

1.e4 c5 2.Nf3 d6 3.d4 cxd4 4.Nxd4 Nf6 5.Nc3 g6 
6.Be3 Bg7 7.f3 O-O 8.Qd2 Nc6 9.O-O-O Bd7 10.Kb1 a5 
11.g4 a4 12.g5 Nh5 13.a3 Ne5 14.f4 Ng4 15.Bg1 
Rc8 0-1

[Event "ACL-A070"]
[Site "www.playchess.de"]
[Date "2001.03.03"]
[Round "35"]
[White "Alcoholic"]
[Black "DaveM"]
[WhiteElo "1517"]
[BlackElo "1500"]
[PlyCount "32"]
[Result "0-1"]

1.f4 d5 2.Nf3 Nf6 3.e3 g6 4.b3 Bg7 5.Bb2 O-O 6.Be2 
c5 7.O-O Nc6 8.Ne5 Bd7 9.a4 Rc8 10.Bf3 Bf5 11.d3 
Qd6 12.Nxc6 Qxc6 13.Re1 Qd7 14.Nc3 d4 15.exd4 
Qxd4+ 16.Kh1 Qd7 0-1

[Event "ACL-A071"]
[Site "www.playchess.de"]
[Date "2001.03.03"]
[Round "1"]
[White "NHASTRO"]
[Black "gallowglass"]
[WhiteElo "1338"]
[BlackElo "1500"]
[PlyCount "22"]
[Result "0-1"]

1.Nc3 g6 2.g3 Bg7 3.Bg2 e5 4.e4 d6 5.d3 Nh6 6.Bh3 
O-O 7.Qf3 Nc6 8.Nge2 Bxh3 9.Ng1 Nd4 10.Qd1 Bg2 
11.Qe2 Nxe2 0-1

[Event "ACL-A077"]
[Site "www.playchess.de"]
[Date "2001.03.03"]
[Round "9"]
[White "Alcoholic"]
[Black "Deppenhaufen"]
[WhiteElo "1543"]
[BlackElo "2110"]
[PlyCount "30"]
[Result "0-1"]

1.d4 e6 2.c4 Nf6 3.Nc3 d5 4.cxd5 exd5 5.Bg5 Nbd7 
6.Nf3 c6 7.e3 Be7 8.Bd3 O-O 9.Qc2 Re8 10.O-O Nf8 
11.Rab1 a5 12.a3 h6 13.Bh4 Ne4 14.Bxe7 Qxe7 15.Ne5 
Nxc3 0-1

[Event "HCL-B144"]
[Site "www.playchess.de"]
[Date "2001.03.03"]
[Round "16"]
[White "jack-up"]
[Black "ggaarrii"]
[WhiteElo "1559"]
[BlackElo "1387"]
[PlyCount "55"]
[Result "1-0"]

1.e4 {dobrojutro}  c5 2.Bc4 e6 3.Nc3 Nc6 4.Nf3 a6 
5.b3 b5 6.Bd3 d6 7.Bb2 Nf6 8.Ne2 d5 9.exd5 Qxd5 
10.Nf4 Qd8 11.Ng5 Nd4 12.c3 Bd6 13.Nh5 Nxh5 
14.Qxh5 g6 15.Qh6 Nf5 16.Bxf5 exf5 17.O-O-O Bf4 
18.Qg7 Qxg5 19.Rhe1+ Kd8 20.Qxh8+ Kc7 21.Qxh7 Bd7 
22.Qxf7 Rd8 23.Re6 Qxg2 24.Rxa6 Qxf2 25.Qd5 c4 
26.Ra8 Bd6 27.Rxd8 Kxd8 28.Qxd6 1-0

[Event "HCL-B144"]
[Site "www.playchess.de"]
[Date "2001.03.03"]
[Round "17"]
[White "mladsir"]
[Black "jack-up"]
[WhiteElo "1500"]
[BlackElo "1559"]
[PlyCount "57"]
[Result "1-0"]

1.e4 c5 2.Nf3 g6 3.d4 b6 4.Bc4 Bg7 5.Be3 Bb7 6.Nc3 
Nf6 7.dxc5 bxc5 8.Bxc5 Nxe4 9.Nxe4 Bxe4 10.O-O Qc7 
11.Bxf7+ Kxf7 12.Ng5+ Ke8 13.Nxe4 Bxb2 14.Rb1 Be5 
15.Re1 Bxh2+ 16.Kh1 Rf8 17.Nd6+ Bxd6 18.Bxd6 Qc8 
19.Rxe7+ Kd8 20.Rxh7 Re8 21.Rxb8 Rxb8 22.Bxb8 g5 
23.Bxa7 Qc7 24.Be3 Rg8 25.a4 g4 26.a5 Qc6 27.a6 g3 
28.a7 Kc7 29.Bf4+ 1-0

[Event "ACL-A078"]
[Site "www.playchess.de"]
[Date "2001.03.03"]
[Round "22"]
[White "Hermi"]
[Black "guerino"]
[WhiteElo "2107"]
[BlackElo "1500"]
[PlyCount "49"]
[Result "1-0"]

1.d4 Nf6 2.c4 e6 3.Nc3 Bb4 4.e3 b6 5.Bd3 Bb7 6.Nf3 
Ne4 7.O-O f5 8.Bxe4 fxe4 9.Nd2 Bxc3 10.bxc3 O-O 
11.Ba3 d6 12.Qg4 c5 13.Qxe6+ Kh8 14.Nxe4 Bxe4 
15.Qxe4 Nd7 16.f3 Nf6 17.Qc6 Re8 18.Rfe1 Qd7 
19.Qxd7 Nxd7 20.e4 Rad8 21.f4 Nf6 22.e5 dxe5 
23.fxe5 Nd7 24.e6 Nf8 25.e7 1-0

[Event "ACL-A076"]
[Site "www.playchess.de"]
[Date "2001.03.03"]
[Round "12"]
[White "guerino"]
[Black "mladsir"]
[WhiteElo "1500"]
[BlackElo "1500"]
[PlyCount "62"]
[Result "0-1"]

1.e4 c5 2.Nf3 Nc6 3.d4 cxd4 4.Nxd4 Nf6 5.Nc3 d6 
6.Bg5 e6 7.Qd2 a6 8.O-O-O Nxd4 9.Qxd4 e5 10.Qe3 
Be7 11.f3 O-O 12.g4 b5 13.h4 Re8 14.Bxf6 Bxf6 
15.g5 Be7 16.Nd5 Be6 17.Nxe7+ Rxe7 {this is 
getting to be interesting!! i whish you a bad luck 
:)) (just kidding)!}  18.Bd3 Qa5 19.a3 b4 20.axb4 
Qxb4 21.f4 Rc7 22.Qd2 Qa4 23.Qe3 Rb8 24.b3 Bxb3 
25.Kd2 Bxc2 26.Bxc2 Qxc2+ 27.Ke1 Rb1 28.Qe2 Rxd1+ 
29.Qxd1 Qxe4+ 30.Kf2 Qxf4+ 31.Qf3 
Rc2+ 0-1

[Event "HCL-C153"]
[Site "www.playchess.de"]
[Date "2001.03.03"]
[Round "22"]
[White "Filk"]
[Black "guerino"]
[WhiteElo "1298"]
[BlackElo "1067"]
[PlyCount "20"]
[Result "0-1"]

1.e4 c5 2.Nf3 d6 3.d4 cxd4 4.Nxd4 Nf6 5.Nc3 g6 
6.Bc4 Bg7 7.O-O O-O 8.Bg5 a6 9.Bb3 Nc6 10.Nxc6 
bxc6 0-1

[Event "HCL-C169"]
[Site "www.playchess.de"]
[Date "2001.03.03"]
[Round "7"]
[White "Translightor"]
[Black "sonnyspock"]
[WhiteElo "1413"]
[BlackElo "1141"]
[PlyCount "61"]
[Result "1-0"]

1.e4 {Hello & Good Luck!}  e6 2.d4 d5 3.Nd2 Nf6 
4.e5 Nfd7 5.Bd3 {Are we the only two players in 
this group?}  c5 {no, the tournament is still 
open.}  6.c3 {But the other three players haven't 
made a move yet!}  Nc6 {It simplifies things. One 
of us who wins gets the first automatically.}  
7.Ne2 {I don't need it. In 6 days I will be 
promoted by C138.}  cxd4 {If you win two 
tournamnents then you are promoted to class c.}  
8.cxd4 {No, no, the second promotion doesn't have 
an effect.}  f6 {thanks for the information, what 
do you suggest now?}  9.exf6 {I prefer "fairplay", 
which means playing on.}  Nxf6 {no problem..}  
10.O-O Bd6 11.Re1 O-O 12.Nf3 Ng4 13.h3 Rxf3 
14.gxf3 Qh4 15.hxg4 Qh2+ 16.Kf1 Qh1+ 17.Ng1 Bh2 
18.Ke2 Nxd4+ 19.Ke3 e5 20.Nh3 Qg2 21.Bf5 Bxf5 
22.gxf5 Nxf5+ 23.Kd3 Qxh3 24.Kc3 Rc8+ 25.Kb3 Nd4+ 
26.Ka3 Nb5+ 27.Kb3 Qe6 28.Qd3 d4+ 29.Kb4 a5+ 
30.Kxa5 Qb6+ 31.Kxb6 {??? What a pity - your 
attack deserved winning!}  1-0

[Event "HCL-C174"]
[Site "www.playchess.de"]
[Date "2001.03.03"]
[Round "4"]
[White "yaroslav"]
[Black "jjbranc"]
[WhiteElo "1000"]
[BlackElo "1000"]
[PlyCount "60"]
[Result "0-1"]

1.f4 e6 2.Nf3 d5 3.e3 Nf6 4.b3 g6 5.g3 Bg7 6.Bg2 
O-O 7.c4 Ne4 8.Ne5 Nc6 9.Nc3 Nc5 10.Ba3 Qd6 
11.cxd5 exd5 12.Bxd5 Nxe5 13.d4 Ncd3+ 14.Ke2 Qxa3 
15.fxe5 Nb4 16.Rf1 Bg4+ 17.Bf3 Qa6+ 18.Ke1 Nd3+ 
19.Kd2 Nb2 20.Qc2 Bf5 21.e4 Rad8 22.exf5 Rxd4+ 
23.Ke1 Nd3+ 24.Ke2 Nb4+ 25.Qd3 Qxd3+ 26.Kf2 Qxc3 
27.Bxb7 Rd2+ 28.Kg1 Qe3+ 29.Kh1 Qe2 30.Bf3 
Qxh2+ 0-1

[Event "HCL-C177"]
[Site "www.playchess.de"]
[Date "2001.03.03"]
[Round "2"]
[White "patzer"]
[Black "livingmike"]
[WhiteElo "1000"]
[BlackElo "1000"]
[PlyCount "47"]
[Result "1-0"]

1.d4 d5 {hello}  2.Nf3 {Hello! Sorry, my English 
is too badly to talk with you...}  Bd7 3.e3 Bc6 
4.Bd3 Ba4 5.Nc3 Bc6 6.O-O g6 7.Re1 a6 8.e4 Bd7 
9.Nxd5 Bg4 10.Bf4 e6 11.Nxc7+ Kd7 12.Nxa8 Bb4 
13.c3 Ba5 14.Ne5+ Ke8 15.Qxg4 Nd7 16.Nxd7 Qxa8 
17.Nc5 Ne7 18.d5 h5 19.Qg5 Qc8 20.d6 Bd8 21.d7+ 
Kf8 22.dxc8Q {%}  Nxc8 23.Qxd8+ Kg7 
24.Be5+ 1-0

[Event "HCL-C177"]
[Site "www.playchess.de"]
[Date "2001.03.03"]
[Round "12"]
[White "Cosmo"]
[Black "dg"]
[WhiteElo "1072"]
[BlackElo "1115"]
[PlyCount "81"]
[Result "1-0"]

1.e4 e5 2.Nf3 Nc6 3.Bb5 d6 4.d3 Bd7 5.Ng5 h6 
6.Nxf7 Kxf7 7.Nc3 Nf6 8.O-O Be7 9.Bc4+ Ke8 10.Nd5 
Nxd5 11.Qh5+ Kf8 12.Bxd5 Qe8 13.Qe2 Nd4 14.Qd2 Qg6 
15.f4 Ke8 16.Bxb7 Rb8 17.Bd5 Bg4 18.Kh1 h5 19.fxe5 
Kd7 20.exd6 cxd6 21.Qa5 Rhc8 22.Qxa7+ Ke8 23.Bf7+ 
Qxf7 24.Rxf7 Kxf7 25.Qxd4 Rcf8 26.b3 Bf6 27.Qd5+ 
Kg6 28.d4 Bxd4 29.Qxd6+ Kh7 30.Bb2 Bxb2 31.Rb1 Bf6 
32.c4 Rfd8 33.Qf4 Rba8 34.e5 Be7 35.h3 Rd1+ 
36.Rxd1 Bxd1 37.Qe4+ Kh6 38.Qxa8 Bg5 39.e6 Kg6 
40.Qe4+ Kh6 41.e7 1-0

[Event "HCL-B176"]
[Site "www.playchess.de"]
[Date "2001.03.03"]
[Round "1"]
[White "rafita"]
[Black "Stefan"]
[WhiteElo "1365"]
[BlackElo "1417"]
[PlyCount "45"]
[Result "1-0"]

1.d4 {hello and good luck!}  Nf6 {Hi and good 
luck}  2.Nf3 g6 3.c4 Bg7 4.Nc3 O-O 5.e4 d6 6.Be2 
e5 7.O-O Nc6 8.d5 Ne7 9.b4 Ne8 10.c5 f5 11.Nd2 
fxe4 12.Ndxe4 Nf5 13.Bg5 Qd7 14.b5 c6 15.bxc6 bxc6 
16.dxc6 Qxc6 17.Bf3 Qc7 18.Qd5+ Be6 19.Qxe6+ Kh8 
20.cxd6 Nexd6 21.Nxd6 Nd4 22.Ncb5 Nxf3+ 
23.gxf3 1-0

[Event "HCL-C182"]
[Site "www.playchess.de"]
[Date "2001.03.03"]
[Round "3"]
[White "Flab"]
[Black "dg"]
[WhiteElo "742"]
[BlackElo "1089"]
[PlyCount "68"]
[Result "0-1"]

1.e4 e5 2.Nf3 Nc6 3.d4 Qe7 4.d5 Nd8 5.c3 d6 6.h4 
b6 7.Bg5 f6 8.Be3 Bb7 9.Bd3 Nf7 10.Qa4+ Qd7 11.Bb5 
c6 12.Bc4 b5 13.dxc6 Bxc6 14.Bxb5 Bxb5 15.Qa5 Be7 
16.a4 Bc6 17.Nfd2 Bd8 18.Qb4 Ne7 19.Ra2 O-O 20.b3 
d5 21.h5 Bb6 22.a5 Bxe3 23.fxe3 Ng5 24.h6 g6 25.c4 
dxc4 26.Nc3 Qb7 27.Qxc4+ Kh8 28.Rf1 Rac8 29.Qd3 
Rfd8 30.Qe2 Bxe4 31.Rxf6 Rxc3 32.Rb2 Bxg2 33.Nb1 
Rc1+ 34.Kf2 Ne4+ 0-1

[Event "HCL-C182"]
[Site "www.playchess.de"]
[Date "2001.03.03"]
[Round "5"]
[White "dcarnes"]
[Black "Flab"]
[WhiteElo "1000"]
[BlackElo "742"]
[PlyCount "53"]
[Result "1-0"]

1.e4 e5 2.Nf3 Nc6 3.Bc4 Bc5 4.c3 a5 5.d4 exd4 
6.cxd4 Bb4+ 7.Nc3 f6 8.O-O g5 9.Nxg5 Qe7 10.Qh5+ 
Kd8 11.Nf7+ Ke8 12.Nxh8+ Kf8 13.Nf7 d6 14.Nh6 Be6 
15.Bxe6 Qxe6 16.d5 Qe7 17.Nxg8 Qg7 18.Bh6 Qxh6 
19.Qxh6+ Kxg8 20.Qxf6 Rf8 21.Qe6+ Rf7 22.dxc6 bxc6 
23.f4 Kg7 24.f5 d5 25.exd5 Bd6 26.dxc6 Kf8 
27.f6 1-0

[Event "HCL-C179"]
[Site "www.playchess.de"]
[Date "2001.03.03"]
[Round "18"]
[White "lsoule"]
[Black "Chill"]
[WhiteElo "872"]
[BlackElo "832"]
[PlyCount "35"]
[Result "1-0"]

1.e4 {Hello from Santa Cruz, California}  c5 {hi}  
2.Nf3 Nc6 3.d4 cxd4 4.Nxd4 Nf6 5.Nc3 a6 6.Bc4 e6 
7.Be3 Bb4 8.Qe2 Bxc3+ 9.bxc3 Nxe4 10.Nxc6 bxc6 
11.Qd3 d5 12.Bb3 O-O 13.O-O a5 14.a4 Ba6 15.c4 Qf6 
16.Bd4 e5 17.f3 Nd6 18.Bc5 1-0

[Event "ACL-A095"]
[Site "www.playchess.de"]
[Date "2001.03.03"]
[Round "3"]
[White "Stephen21"]
[Black "Argus"]
[WhiteElo "1699"]
[BlackElo "1500"]
[PlyCount "34"]
[Result "0-1"]

1.Nf3 Nc6 2.Nc3 Nf6 3.g3 e5 4.d4 d6 5.Bg5 Be7 6.e3 
h6 7.Bxf6 Bxf6 8.dxe5 dxe5 9.Bb5 Bg4 10.Bxc6+ bxc6 
11.Qxd8+ Rxd8 12.Nd2 e4 13.O-O Rxd2 14.Nxe4 Rxc2 
15.b3 Bxa1 16.Rxa1 O-O 17.Kg2 Re8 0-1

[Event "HCL-B177"]
[Site "www.playchess.de"]
[Date "2001.03.03"]
[Round "10"]
[White "soymilk"]
[Black "Pawz68"]
[WhiteElo "1187"]
[BlackElo "1200"]
[PlyCount "69"]
[Result "1-0"]

1.Nf3 d5 2.g3 Bg4 3.Bg2 Bxf3 4.exf3 e5 5.O-O Bc5 
6.d3 h6 7.Re1 {Hello, can I ask you who the two 
players are in the picture you have up in your 
information?}  Nc6 {hi, fischer and najdorf in 
1963.}  8.f4 Qf6 9.Bxd5 {Thanks. I was curious 
because it's a good picture.}  O-O-O 10.Bxc6 Qxc6 
11.Rxe5 Nf6 12.Nc3 Bd4 13.Re2 Qf3 14.Be3 Rhe8 
15.Bxd4 Qc6 16.Bxf6 Qxf6 17.Rxe8 Rxe8 18.Qd2 Qe6 
19.Kf1 Qh3+ 20.Kg1 Qe6 21.Kf1 Qh3+ 22.Kg1 Qe6 
23.Qe3 Qxe3 24.fxe3 Rxe3 25.Kf2 Re6 26.Re1 c6 
27.Rxe6 fxe6 28.Ke3 b5 29.Ke4 Kd7 30.Ke5 g6 31.Ne4 
a5 32.Nc5+ Ke7 33.Nxe6 a4 34.b3 a3 
35.b4 1-0

[Event "HCL-E022"]
[Site "www.playchess.de"]
[Date "2001.03.03"]
[Round "19"]
[White "pep1tere"]
[Black "FD515"]
[WhiteElo "2000"]
[BlackElo "2050"]
[PlyCount "37"]
[Result "1/2-1/2"]

1.d4 {hi, how are you?}  d5 {let`s have a nice 
game}  2.c4 e6 3.g3 dxc4 4.Bg2 c5 5.Nf3 Nc6 6.Nbd2 
cxd4 7.Nxc4 Qd5 8.b3 e5 9.Bb2 Bg4 10.O-O Qe6 11.e3 
dxe3 12.Nxe3 Rd8 13.Qe2 Bxf3 14.Bxf3 Nd4 15.Bxd4 
exd4 16.Qb5+ Qd7 17.Qe5+ Qe7 18.Qb5+ Qd7 
19.Qe5+ 1/2-1/2

[Event "HCL-E024"]
[Site "www.playchess.de"]
[Date "2001.03.03"]
[Round "9"]
[White "SG42699"]
[Black "peze2"]
[WhiteElo "2000"]
[BlackElo "2294"]
[PlyCount "65"]
[Result "1/2-1/2"]

1.e4 e5 2.Nf3 Nf6 3.Nxe5 d6 4.Nf3 Nxe4 5.Qe2 Qe7 
6.d3 Nf6 7.Nc3 Qxe2+ 8.Bxe2 Be7 9.Bf4 O-O 10.O-O-O 
Re8 11.Rhe1 a6 12.Nd4 Nbd7 13.Bf3 Nf8 14.Bg5 Ne6 
15.Nxe6 fxe6 16.d4 c6 17.Bh4 Bd7 18.Na4 Bd8 19.Bg3 
c5 20.Nc3 cxd4 21.Rxd4 d5 22.Rd2 Bc6 23.Rde2 Kf7 
24.h3 Rc8 25.Be5 b5 26.a3 a5 27.Kb1 b4 28.axb4 
axb4 29.Nd1 Nd7 30.Bd6 Bb5 31.Rd2 Bg5 32.Ne3 Nc5 
33.Bxc5 1/2-1/2

[Event "ACL-A096"]
[Site "www.playchess.de"]
[Date "2001.03.03"]
[Round "8"]
[White "chesssk"]
[Black "Vitalee"]
[WhiteElo "1500"]
[BlackElo "1500"]
[PlyCount "39"]
[Result "1-0"]

1.e4 e6 2.d4 d5 3.Nc3 Bb4 4.a3 Bxc3+ 5.bxc3 dxe4 
6.f3 exf3 7.Nxf3 c5 8.dxc5 Qa5 9.Rb1 Qxc3+ 10.Bd2 
Qxc5 11.Bb4 Qe3+ 12.Be2 Nc6 13.Rb3 Qb6 14.Bc3 Qc7 
15.Bxg7 Nge7 16.Bxh8 Ng6 17.Bf6 Qf4 18.Bb2 Qc7 
19.Nd4 e5 20.Nb5 1-0

[Event "HCL-E024"]
[Site "www.playchess.de"]
[Date "2001.03.03"]
[Round "34"]
[White "NOHAU"]
[Black "GOUSGOUNIS"]
[WhiteElo "2270"]
[BlackElo "2000"]
[PlyCount "36"]
[Result "0-1"]

1.e4 e5 2.Nf3 Nc6 3.Bc4 Nf6 4.Ng5 Bc5 5.Nxf7 Bxf2+ 
6.Kf1 Qe7 7.Nxh8 d5 8.exd5 Nd4 9.d6 Qxd6 10.Nf7 
Qc5 11.d3 e4 12.c3 Bh4 13.Qd2 Qf5+ 14.Kg1 Ng4 
15.dxe4 Nf3+ 16.gxf3 Qxf3 17.Bb5+ Kf8 18.Ng5 
Bf2+ 0-1

[Event "HCL-C185"]
[Site "www.playchess.de"]
[Date "2001.03.03"]
[Round "12"]
[White "kldr"]
[Black "chvs2002"]
[WhiteElo "1646"]
[BlackElo "1000"]
[PlyCount "41"]
[Result "1-0"]

1.d4 {Hi, hope for an interesting game. Klaus}  d5 
{hi, this my first game here.}  2.Nf3 {Where in 
Brazil do you live ... and what is your first 
name?}  e6 {I live in Minas Gerais (state, in 
interior), My name is Carlos}  3.a3 {I had a 
girlfriend from Brazil, she was from Belo 
Horizonte, Minas Gerais.}  Nc6 {Hi, great. I,m 
350Km from Belo Horizonte. Where you live? (sorry, 
but my english is poor}  4.e3 {No problem. I live 
in Essen, Western part of Germany, industrial 
town, on the river Ruhr.}  Nf6 {I work with 
internet.  I make a site about chess to one 
client, now i ´m learning play.}  5.Bb5 {A 
chess-site in Brazil? Maybe we can soon play 
there?}  a6 6.Bd3 b5 {Not yet, but we have links 
to sites in Brazil where you can play. Your site 
have news, lessons, rati}  7.b4 {What is the name 
of the site?}  Bd6 {visit www.clubedexadrez.com.br} 
 8.O-O {I will later, haven´t got much time at the 
moment.}  O-O 9.Bb2 {Hi Carlos, have a nice 
weekend. Klaus}  Ng4 10.Nbd2 e5 11.dxe5 Ncxe5 
12.Nxe5 Nxe5 13.Bxe5 Bxe5 14.Bxh7+ Kxh7 {Hi Klaus, 
nive Carnival  to you.}  15.Qh5+ {Thank you. You 
can´t compare carnival in G. to carnival in 
Brazil. Have much fun!}  Kg8 {so much, that i´m 
tired.  I can´t hear more music.}  16.Qxe5 {But it 
is not finished yet! :-)}  Re8 17.Qh5 d4 18.Nf3 
{One day I will come to Brazil for carnival.}  g6 
19.Qh6 d3 20.Ng5 d2 21.Qh7+ {You are a very good 
player,Carlos,but now you ignored my next 
move.Hope to meet you here again.Klaus} 
 1-0

[Event "HCL-B184"]
[Site "www.playchess.de"]
[Date "2001.03.03"]
[Round "27"]
[White "Stefan"]
[Black "dg"]
[WhiteElo "1383"]
[BlackElo "1076"]
[PlyCount "135"]
[Result "1-0"]

1.e4 {Är du redo att bli KROSSAD?}  e5 {Det gör du 
säkert :(}  2.Nf3 {FEL inställning.}  Nc6 {Kanske, 
men du är bättre än mig}  3.Bb5 d6 {Jag håller mig 
till fakta}  4.O-O {*}  Bd7 5.c3 a6 6.Ba4 Nge7 
7.h3 Na7 8.d4 b5 9.Bc2 exd4 10.cxd4 {Jag ska spela 
en turnering på www.freechess.org nu så jag gör 
nog inga mer drag här idag.}  g6 11.Bg5 {*}  Bg7 
12.Nc3 {Du borde sova nu :-)}  O-O {Inte du då?}  
13.Nd5 {JAG är morgonpigg och vaknar alltid kvart 
i fem.}  f6 {Då är vi två :)}  14.Nxe7+ Qxe7 
15.Bd2 Nc6 16.Bb3+ Kh8 17.Re1 Rae8 18.Rc1 Qd8 
19.Bd5 f5 20.Bxc6 Bxc6 21.Rxc6 fxe4 22.Ng5 Bxd4 
23.Nxe4 d5 24.Bc3 {Svårt}  Bxc3 25.Nxc3 Qa8 
26.Qd4+ {nu blev det lätt för mig. d5-d4 hade 
varit svårare}  Kg8 27.Qxd5+ Kh8 28.Rxe8 Rxe8 
29.Qd4+ Kg8 30.Rxc7 Re1+ 31.Kh2 Qf8 32.Qd5+ Kh8 
33.Rf7 Qb8+ 34.g3 Qe8 35.Rd7 Qf8 36.Qf7 {*}  Qxf7 
37.Rxf7 Rc1 38.Nd5 Kg8 39.Rc7 Rd1 40.Nf6+ Kf8 
41.Rc2 Kf7 42.Nxh7 Rd5 43.h4 a5 44.Ng5+ Kf6 45.g4 
b4 46.b3 Re5 47.Kg3 Rd5 48.f3 Re5 49.Ne4+ Ke6 
50.Rc6+ Kf7 51.Ra6 Rd5 52.Nd6+ Ke7 53.Nc4 Rb5 
54.Rxa5 Rb7 55.h5 gxh5 56.Rxh5 Kf6 {oj, såg 
fel...Han MÅSTE ta löparen}  57.f4 Ra7 58.Ra5 Rb7 
59.g5+ Kg7 60.f5 Kg8 61.f6 Kh7 62.Kg4 Kg6 63.Ne5+ 
Kh7 64.Kh5 Rb8 65.g6+ Kg8 {*}  66.Kh6 Kh8 67.g7+ 
Kg8 {Du vann :(}  68.f7+ 1-0